00402 2200157 4500001002100000005001500021035002000036245005500056100000800111300002100119260003800140082000800178084001400186020001800200990002600218INLIS00000000000091820260327081038 a0010-03260000291 aResep Panjanag Umur Sehat & Sembuh /cTan Shot Yen0 aTan a167 hlm ;c23 cm aJakarta :bGramedia Pustaka Utama a641 a641 TAN r a9786020619491 a2018/SMKMIRI/2844/001